Central Library OPAC University of Rajshahi
Normal view MARC view

Entry Personal Name

Number of records used in: 1

001 - CONTROL NUMBER

  • control field: 12913

003 - CONTROL NUMBER IDENTIFIER

  • control field: BD-RjUL

005 - DATE AND TIME OF LATEST TRANSACTION

  • control field: 20240508180556.0

008 - FIXED-LENGTH DATA ELEMENTS

  • fixed length control field: 240508|| aca||aabn | a|a d

040 ## - CATALOGING SOURCE

  • Original cataloging agency: BD-RjUL
  • Transcribing agency: BD-RjUL

100 ## - HEADING--PERSONAL NAME

  • Personal name: Mollah, Mohammad. Shafiqul Islam

670 ## - SOURCE DATA FOUND

  • Source citation: Work cat.: (BD-RjUL)83694: Mollah, Mohammad. Shafiqul Islam, Studies on the physiological attributes and their relationship to yield of barley (Hordeum vulgare) under different soil moisture regimes and npk fertilizers / , 2007